000 00596nam a22002297a 4500
005 20250529152511.0
008 250418b |||||||| |||| 00| 0 eng d
020 _a9789360808556
040 _aSDCL
_cSDCL
041 _2eng
_aeng
084 _aY:1(J3).2'P R4
245 _aFood cultures of India
260 _aNew Delhi :
_bManohar,
_c2024.
300 _a342p.
650 _aHistory
650 _aFood
650 _aFolklore
_926742
700 _aChaudhuri, Sarit K.
_9752443
700 _aNath, Debarshi Prasad
_9751553
700 _aSarma, Dhurjjati
_9752444
942 _2CC
_cTEXL
_n0
999 _c1309161
_d1309161